El universo en una barranca : imágenes y pensamientos = The Universe in a Canyon : Images and Thoughts /

Guardado en:
Bibliografiske detaljer
Hovedforfatter: Salas Portugal, Armando (fotógrafo y texto)
Format: Bog
Sprog:spansk
Udgivet: Guadalajara, México : Universidad Autónoma de Guadalajara, 1996, c1996
Tags: Tilføj Tag
Ingen Tags, Vær først til at tagge denne postø!

MARC

LEADER 00000nam^a2200000^a^4500
001 000582702
005 20250526000000.0
009 20260310132634.923
020 |a 968-872-002-X 
037 |a Acervo ITESO - Biblioteca 
041 |a ESP 
091 |a FCO. 00051 
100 |a Salas Portugal, Armando  |e (fotógrafo y texto) 
245 1 3 |a El universo en una barranca :  |b imágenes y pensamientos = The Universe in a Canyon : Images and Thoughts / 
264 4 |a Guadalajara, México :  |b Universidad Autónoma de Guadalajara,  |c 1996, c1996 
300 |a 42, [122] p. ;  |c 32.5 cm. 
336 |a texto  |b txt  |2 rdacontenido 
337 |a sin mediación  |b n  |2 rdamedio 
338 |a volumen  |b nc  |2 rdasoporte 
649 |a XX 
910 |a Fondo Erich Coufal Kieswetter 
920 |a Impresos - Libros 
930 |a Libros Antiguos y Raros 
905 |a 142 
901 |a 0500411547  |b IT2  |c LRA  |i D  |u 20250526 
902 |a https://opac.biblio.iteso.mx/vufind/Record/000582702